|
|
|
|
| LEADER |
00000cam a2200000 7i4500 |
| 001 |
0000001050 |
| 005 |
20240924.0 |
| 008 |
991125 my may |
| 020 |
|
|
|a 9836200908
|
| 040 |
|
|
|a INS
|b eng
|e rda
|
| 090 |
0 |
0 |
|a HD37
|b .O54 1988
|
| 245 |
0 |
0 |
|a Pengurusan gaya Jepun :
|b Kumpulan Esei World Executives Digest
|c penterjemah, M. H. Safar dan Zainal Abidin Bakar
|
| 264 |
|
1 |
|a Kuala Lumpur :
|b Dewan Bahasa dan Pustaka
|c 1988
|
| 300 |
|
|
|a vii, 174 pages ;
|c 22 cm.
|
| 336 |
|
|
|a text
|2 rdacontent
|
| 337 |
|
|
|a unmediated
|2 rdamedia
|
| 338 |
|
|
|a volume
|2 rdacarrier
|
| 650 |
|
0 |
|a Management
|x Decision Making
|z Japan
|
| 700 |
0 |
|
|a M. H. Safar ,
|e translator
|
| 700 |
0 |
|
|a Zainal Abidin Bakar ,
|e translator
|
| 710 |
1 |
|
|a Dewan Bahasa dan Pustaka
|
| 999 |
|
|
|a 0000003398
|b BOOK
|c Open Shelf
|e Default branch
|